000 00517nam a22001577a 4500
003 LK-CoMWRAF
005 20260415153718.0
008 231211b |||||||| |||| 00| 0 eng d
020 _a9789556250510
040 _aLK-CoMWRAF
_dLK-CoMWRAF
_eLK-CoMWRAF
041 _atam
082 _a305.4
_bURI
245 _aஉரிமைகளையும் வெளிகளையும் கோரும் பெண்கள்
260 _aColombo :
_bMuslim Women's Research and Action Forum - MWRAF,
_c2014
942 _cBK
999 _c4355
_d4355